| 000 | 00573nam a2200181 a 4500 | ||
|---|---|---|---|
| 001 | 000029617 | ||
| 005 | 20200930055659.0 | ||
| 008 | 110419s1996 dr a 000 0 spa d | ||
| 040 |
_aDO-SdBNP _bspa _cBNPHU |
||
| 245 | 0 | 0 | _aProducción de Acacia, Eucalipto y Teca /. |
| 260 |
_aSanto Domingo : _bFDA, _c1996. |
||
| 300 |
_a38 p. ; _c28 cm. |
||
| 490 | 1 |
_aGuías técnica _vno. _arecursos naturales |
|
| 504 | _aBibliografía : p. 39 | ||
| 710 | 2 |
_aFudación de Desarrollo Agropecuario _956433 |
|
| 830 | 0 |
_aGuía técnica _vno. 1 _precursos naturales _956434 |
|
| 049 | _aBNPD | ||
| 999 |
_c29109 _d29109 |
||